Wszystkie kluby z włoskiej Serie A - Statystyki

Ogólne statystyki
  • Ten quiz został rozwiązany 91 razy
  • Średni wynik to 25 z 68
Statystyki odpowiedzi
Klub Debiut % Poprawnych
Inter Mediolan 1929
99%
AC Milan 1929
97%
Juventus FC 1929
97%
SSC Napoli 1929
96%
AS Roma 1929
92%
ACF Fiorentina 1931
89%
SS Lazio 1929
82%
Atalanta BC 1937
78%
Torino FC 1929
76%
Genoa CFC 1929
72%
Parma Calcio 1913 1990
72%
Bologna FC 1909 1929
71%
Udinese Calcio 1950
71%
Empoli FC 1986
65%
US Salernitana 1919 1947
65%
Hellas Verona FC 1957
64%
US Sassuolo Calcio 2013
64%
Palermo FC 1932
63%
Venezia FC 1939
63%
Cagliari Calcio 1964
61%
UC Sampdoria 1934
61%
SSC Bari 1931
54%
US Lecce 1985
54%
AC Monza 2022
51%
Frosinone Calcio 2015
47%
Spezia Calcio 2020
46%
Como 1907 1949
43%
AC ChievoVerona 2001
40%
Pisa SC 1968
40%
Benevento Calcio 2017
35%
US Cremonese 1929
32%
Catania FC 1960
31%
US Livorno 1915 1929
29%
Brescia Calcio 1929
26%
FC Crotone 2016
26%
Modena FC 2018 1929
25%
SPAL 1951
25%
Ascoli Calcio 1898 FC 1974
24%
AC Perugia Calcio 1975
19%
Delfino Pescara 1936 1977
19%
Reggina 1914 1999
18%
ACR Siena 1904 2003
17%
ACR Messina 1963
15%
LR Vicenza 1942
14%
AC Cesena 1973
13%
AC Reggiana 1919 1993
13%
Calcio Padova 1929
13%
Piacenza Calcio 1919 1993
13%
AC Ancona 2003
11%
Treviso FBC 1993 2005
11%
US Ancona 1905 1992
11%
AC Carpi 2015
8%
Calcio Lecco 1912 1960
8%
FC Pro Vercelli 1892 1929
8%
Novara FC 1936
8%
Ternana Calcio 1972
8%
US Catanzaro 1929 1971
8%
Calcio Foggia 1920 1964
4%
US Avellino 1912 1978
4%
US Alessandria Calcio 1912 1929
3%
US Triestina Calcio 1918 1929
3%
AC Legnano 1930
1%
Aurora Pro Patria 1919 1929
1%
Casale FBC 1930
1%
Lucchese 1905 1936
1%
Mantova 1911 1961
1%
SSD Varese Calcio 1964
1%
US Pistoiese 1921 1980
1%
Nie znaleziono quizów pasujących do podanych kryteriów
Rozkład punktacji
Procent ludzi z każdym wynikiem
Percentyl według liczby udzielonych odpowiedzi
Twoja historia wyników
Nie rozwiązałeś tego quizu